000 00518nam a2200169 i 4500
001 89982
003 ES-MaACL
005 20230906180322.0
007 t|
008 050117s1959 sp ||||1| spa d
130 0 _aLazarillo de Tormes.
_9122472
245 1 3 _aEl Lazarillo de Tormes /
_cnoticia bibliográfica de Enrique Moreno Báez.
260 _aCieza :
_b[s.n.,
_c1959] (
_eValencia :
_fTip. Moderna)
300 _a2 t. en 1 v. ;
_c18 cm.
700 1 _aMoreno Báez, Enrique.
_983328
852 4 _aES-MaACL
_jC-16714
999 _c89982
_d89982